000 00439nam a22001817a 4500
003 koha_MIRAKIL
005 20231213095447.0
008 231213b |||||||| |||| 00| 0 ||| d
020 _b9-75331245-8
040 _aTR-IsEVY
_btur
_cTR-IsEVY
082 _a833 BLO/B
100 _aBLOBEL , BRİGİTTE.
245 0 _aBU BENİM HAYATIM !
260 _bEPSİLON,
_c2005
300 _a215.
650 _aTürk Edebiyatı.
942 _2ddc
_cBK
999 _c3990
_d3990